| Record ID | marc_records_scriblio_net/part27.dat:124115362:859 |
| Source | Scriblio |
| Download Link | /show-records/marc_records_scriblio_net/part27.dat:124115362:859?format=raw |
LEADER: 00859cam 2200265 a 4500
001 98120982
003 DLC
005 20020926135338.0
008 980227s1997 ie b 000 0 eng d
010 $a 98120982
020 $a1871552621
035 $a(OCoLC)37929350
040 $aUKM$cUKM$dDLC
042 $alccopycat
043 $ae-ie---
050 00 $aBV4140.I73$bT44 1997
245 00 $aTheology in the university :$bthe Irish contxt /$cedited by Pádraig Corkery and Fiachra Long.
260 $aDublin :$bDominican Publications,$c1997.
300 $a140 p. ;$c22 cm.
440 2 $aA doctrine & life special
500 $aBased on a conference held at University College Cork in 1995.
504 $aIncludes bibliographical references.
650 0 $aTheology$xStudy and teaching (Higher)$zIreland.
700 1 $aCorkery, Pádraig.
700 1 $aLong, Fiachra.